[Event "Neuchatel op"]
[Site "Neuchatel"]
[Date "1996.??.??"]
[Round "3"]
[White "Jurek, Josef"]
[Black "Gurevich, Mikhail"]
[Result "0-1"]
[WhiteElo "2345"]
[BlackElo "2590"]

1.Nf3 d5 2.d4 c6 3.c4 Nf6 4.cxd5 cxd5 5.Nc3 Nc6 6.Bf4 a6 7.e3 Bg4 8.Be2 e6
9.O-O Be7 10.Ne5 Bxe2 11.Qxe2 Rc8 12.Rfc1 O-O 13.Na4 Nxe5 14.Bxe5 Nd7 15.Qd2 Nxe5
16.dxe5 b5 17.Rxc8 Qxc8 18.Rc1 Qb8 19.Nc5 Bxc5 20.Rxc5 Qxe5 21.Rc6 h5 22.Qc2 d4
23.Rxa6 dxe3 24.fxe3 Qxe3+ 25.Kf1 Qf4+ 26.Kg1 Qd4+ 27.Kf1 g6 28.Rc6 Qf4+
29.Kg1 Qe3+ 30.Kf1 Rd8 31.Rc8 Qf4+ 32.Kg1 Qd4+ 33.Kf1 Rxc8 34.Qxc8+ Kg7 35.Qc2 Qf4+
36.Kg1 Qe3+ 37.Kf1 e5 38.h3 b4 39.Qc4 Qd2 40.a3 Qd1+ 41.Kf2 b3 42.Ke3 f5
43.Qc7+ Kf6 44.Qc6+ Kg5 45.h4+ Kxh4 46.Qf6+ g5 47.Kf2 Qd4+ 48.Kf1 Kg4  0-1

[Event "JUG-chT"]
[Site "Niksic"]
[Date "1996.??.??"]
[Round "?"]
[White "Georgiev, Kiril"]
[Black "Gurevich, Mikhail"]
[Result "1-0"]
[WhiteElo "2620"]
[BlackElo "2605"]

1.c4 e5 2.g3 Nf6 3.Bg2 d5 4.cxd5 Nxd5 5.Nc3 Nb6 6.Nf3 Nc6 7.O-O Be7 8.Rb1 Be6
9.d3 O-O 10.a3 f6 11.b4 a5 12.b5 Nd4 13.Nd2 Qc8 14.e3 Nf5 15.Qc2 Rd8 16.Rd1 a4
17.Nce4 Qd7 18.Nc5 Bxc5 19.Qxc5 Nd6 20.Bf1 Nd5 21.e4 b6 22.Qc2 Ne7 23.d4 exd4
24.Nf3 Bb3 25.Rxb3 axb3 26.Qxb3+ Kh8 27.e5 fxe5 28.Nxe5 Qf5 29.Bf4 Rf8 30.Rxd4 Ng6
31.Nxg6+ Qxg6 32.a4 Rae8 33.Qd3 Qf6 34.h4 Nf5 35.Rc4 h6 36.Bxc7 Nxh4 37.Rf4 Nf5
38.a5 bxa5 39.b6 Re7 40.Bh3 Re1+ 41.Kh2 Qa1 42.Bg2 Qf6 43.b7 Ree8 44.b8=Q  1-0

[Event "Zwolle op"]
[Site "Zwolle"]
[Date "1996.??.??"]
[Round "3"]
[White "Gurevich, Mikhail"]
[Black "Hausrath, Daniel"]
[Result "1-0"]
[WhiteElo "2590"]
[BlackElo "2390"]

1.d4 Nf6 2.c4 g6 3.Nc3 Bg7 4.Bg5 O-O 5.e3 d6 6.Be2 Nbd7 7.Qc2 c5 8.Nf3 b6
9.O-O Bb7 10.d5 a6 11.e4 Qc7 12.Nd2 e5 13.a4 Rae8 14.a5 bxa5 15.Qa4 h6 16.Be3 Nh7
17.Qxa5 Qc8 18.b4 f5 19.f3 f4 20.Bf2 cxb4 21.Na4 Rf7 22.Rfb1 Bf8 23.Qxb4 Nc5
24.Nxc5 dxc5 25.Qb6 Nf6 26.Nb3 Nd7 27.Qa7 Bd6 28.Na5 Ba8 29.Nb7  1-0

[Event "Lost Boys op"]
[Site "Antwerp"]
[Date "1997.08.06"]
[Round "5"]
[White "Gurevich, Mikhail"]
[Black "Nijboer, Friso"]
[Result "1-0"]
[WhiteElo "2620"]
[BlackElo "2605"]

1.c4 Nf6 2.Nc3 g6 3.g3 Bg7 4.Bg2 O-O 5.d3 d6 6.Rb1 c6 7.e4 d5 8.exd5 cxd5
9.cxd5 Na6 10.Nge2 Bg4 11.h3 Bxe2 12.Kxe2 Nc7 13.Qb3 b5 14.Be3 b4 15.d6 Qxd6
16.Bxa8 bxc3 17.Bb7 Nfd5 18.d4 cxb2 19.Bxd5 Nxd5 20.Rxb2 Nxe3 21.fxe3 Qxg3
22.Qd5 e5 23.dxe5 Bxe5 24.Rb7 Bc7 25.Rf1 Qxh3 26.Rxa7 Qg4+ 27.Kd3 Rd8 28.Ra8 Rxa8
29.Qxa8+ Kg7 30.Qe8 Bf4 31.exf4  1-0

[Event "Viking op"]
[Site "Aaland-Stockholm"]
[Date "1997.??.??"]
[Round "?"]
[White "Gurevich, Mikhail"]
[Black "Tsiganova, Monika"]
[Result "1-0"]
[WhiteElo "2620"]
[BlackElo "2285"]

1.d4 Nf6 2.c4 e6 3.Nc3 Bb4 4.e3 O-O 5.Ne2 d5 6.a3 Be7 7.cxd5 exd5 8.g3 Bf5
9.Bg2 c6 10.O-O a5 11.f3 Na6 12.e4 dxe4 13.fxe4 Bg4 14.h3 Bxe2 15.Nxe2 Nc7
16.Be3 Ne6 17.Qc2 Qc7 18.Rf5 g6 19.Rf3 Nh5 20.h4 Nhg7 21.Bh3 Rad8 22.Raf1 Qb6
23.Kh2 Qb5 24.R1f2 Qh5 25.Qb3 b5 26.Nf4 Nxf4 27.Rxf4 a4 28.Qc2 g5 29.Rg4 Ne6
30.Qxc6 Nxd4 31.Qb7 f5 32.exf5 Nxf5 33.Bxg5 Kh8 34.Bxe7  1-0

[Event "Viking op"]
[Site "Aaland-Stockholm"]
[Date "1997.??.??"]
[Round "?"]
[White "Gleizerov, Evgeny"]
[Black "Gurevich, Mikhail"]
[Result "0-1"]
[WhiteElo "2560"]
[BlackElo "2620"]

1.d4 d5 2.c4 c6 3.Nf3 Nf6 4.Nc3 e6 5.g3 dxc4 6.Bg2 b5 7.Ne5 Nd5 8.e4 Nb4
9.O-O Nd7 10.f4 Nxe5 11.fxe5 Nd3 12.Be3 Be7 13.b3 Bg5 14.Qf3 O-O 15.a4 Bxe3+
16.Qxe3 Nb4 17.Rad1 cxb3 18.axb5 cxb5 19.Ne2 b2 20.Qb3 a5 21.Qxb2 Bd7 22.Nf4 Rc8
23.Qe2 Qg5 24.Qf3 Nc2 25.h4 Qh6 26.Qf2 b4 27.d5 g5 28.hxg5 Qxg5 29.Qa7 Bb5
30.Rf2 Qd8 31.d6 b3 32.Nh5 Qg5 33.Nf6+ Kh8 34.Qxa5 Ne3 35.Re1 Rc2 36.Rxc2 Nxc2
37.Rb1 Nd4 38.Rxb3 Nxb3 39.Qxb5 Nd4 40.Qb4 Ne2+ 41.Kf2 Qxg3+ 42.Kxe2 Qxg2+
43.Ke3 Qg3+ 44.Kd4 Qf2+ 45.Kd3 Ra8 46.d7 Kg7 47.Qd6 Qe1 48.Nd5 Qd1+ 49.Kc3 Qa1+
50.Kb4 Qa3+ 51.Kb5 Qxd6 52.exd6 exd5 53.exd5 Kf6 54.Kc6 Ke5  0-1

[Event "BEL-chT 9798"]
[Site "Antwerp"]
[Date "1997.??.??"]
[Round "5"]
[White "Bolzoni, Victor Angel"]
[Black "Gurevich, Mikhail"]
[Result "0-1"]
[WhiteElo "2250"]
[BlackElo "2620"]

1.e4 e6 2.d4 d5 3.Nc3 Nf6 4.Bg5 Be7 5.e5 Nfd7 6.Bxe7 Qxe7 7.f4 O-O 8.Nf3 c5
9.Bd3 f6 10.h4 fxe5 11.fxe5 cxd4 12.Nb5 Rxf3 13.Qxf3 Nxe5 14.Qg3 Nxd3+ 15.Qxd3 e5
16.O-O Nc6 17.c3 a6 18.Na3 Qxh4 19.c4 Be6 20.Qb3 Qd8 21.Qxb7 Na5 22.Qb4 dxc4
23.Rae1 Qd5 24.Qb6 h6 25.Nc2 Nc6 26.Nb4 Nxb4 27.Qxb4 Re8 28.Qa4 Bd7 29.Qxa6 Bc6
30.Rf2 e4 31.Qb6 e3 32.Rf3 d3  0-1

[Event "BEL-chT9697"]
[Site "BEL"]
[Date "1997.??.??"]
[Round "1"]
[White "Docx, Stefan"]
[Black "Gurevich, Mikhail"]
[Result "0-1"]
[WhiteElo "2315"]
[BlackElo "2605"]

1.e4 e6 2.d4 d5 3.Nc3 Nf6 4.e5 Nfd7 5.f4 c5 6.Nf3 Nc6 7.Be3 a6 8.Qd2 b5 9.Be2 b4
10.Nd1 Qb6 11.O-O a5 12.c4 Nxd4 13.Nxd4 cxd4 14.Bxd4 Bc5 15.Bxc5 Qxc5+ 16.Qe3 Ba6
17.Rc1 Rc8 18.cxd5 Qxc1 19.Bxa6 Qxe3+ 20.Nxe3 Rc5 21.dxe6 fxe6 22.Bc4 Ke7
23.f5 Nxe5 24.Bxe6 Rd8 25.Bb3 Kf6 26.h4 Rd4  0-1

[Event "BEL-chT9697"]
[Site "BEL"]
[Date "1997.??.??"]
[Round "11"]
[White "Gurevich, Mikhail"]
[Black "Van Mil, Johannes A J"]
[Result "1-0"]
[WhiteElo "2605"]
[BlackElo "2405"]

1.c4 g6 2.Nc3 Bg7 3.d4 c5 4.d5 f5 5.Qc2 e5 6.e4 d6 7.exf5 gxf5 8.g3 Ne7 9.Nf3 O-O
10.Bd2 Nd7 11.Ng5 Nf6 12.f4 exf4 13.gxf4 Ng6 14.O-O-O Ng4 15.Re1 Bh6 16.h3 Bxg5
17.hxg4 Bh4 18.Re6 Bxe6 19.dxe6 fxg4 20.Nd5 g3 21.Bd3 Rf6 22.f5 g2 23.Rg1 Ne5
24.Rxg2+ Kh8 25.Be2 Rf8 26.Qe4 Bf6 27.Rh2 Rg8 28.e7 Rg1+ 29.Kc2 Bxe7 30.f6 Qg8
31.fxe7 Qg7 32.Nf6  1-0

[Event "Belfort"]
[Site "Belfort"]
[Date "1997.??.??"]
[Round "5"]
[White "Relange, Eloi"]
[Black "Gurevich, Mikhail"]
[Result "1/2-1/2"]
[WhiteElo "2505"]
[BlackElo "2620"]

1.e4 e6 2.d4 d5 3.Nc3 Nf6 4.Bg5 Be7 5.e5 Nfd7 6.h4 O-O 7.Bd3 c5 8.Nh3 g6
9.f4 cxd4 10.Ne2 Qa5+ 11.Qd2 Qxd2+ 12.Kxd2 Bb4+ 13.Kd1 f6 14.Bh6 fxe5 15.Bxf8 Bxf8
16.Ng5 a6 17.fxe5 Nxe5 18.Nxd4 Nxd3 19.cxd3 e5 20.Nde6 Bd6 21.Rf1 Bxe6 22.Nxe6 Nc6
23.a3 Re8 24.Ng5 Nd4 25.Rf7 Be7 26.Rf1 Nf5 27.Re1 Bf6 28.Nf3 e4 29.g4 Nd6
30.dxe4 dxe4 31.Ng5 h6 32.Nh3 Nc4 33.Ke2 Bxb2 34.Rad1 Bxa3 35.Rd7 Re7 36.Rd8+ Kg7
37.g5 Ne5 38.Ra1 Bc5 39.Rd5 Nd3 40.Rf1 b6 41.Rd8 hxg5 42.Nxg5 a5 43.Ra8 Nb4
44.Raf8 Bd4 45.R1f7+ Rxf7 46.Rxf7+ Kg8 47.Rb7 Bf6 48.Rxb6 Nd5 49.Rd6 Nf4+
50.Ke3 Be7 51.Rd7 Bxg5 52.hxg5 Ne6 53.Rd5 a4 54.Kxe4 a3 55.Ra5 a2 56.Ke5 Nxg5
57.Kf6 Nh7+ 58.Kxg6 Nf8+ 59.Kf5 Kf7 60.Rxa2 Nd7  1/2-1/2

[Event "Belfort"]
[Site "Belfort"]
[Date "1997.??.??"]
[Round "8"]
[White "Gurevich, Mikhail"]
[Black "Degraeve, Jean Marc"]
[Result "0-1"]
[WhiteElo "2620"]
[BlackElo "2540"]

1.c4 Nf6 2.Nc3 e5 3.Nf3 Nc6 4.a3 e4 5.Ng5 Qe7 6.d3 exd3 7.Qxd3 Ne5 8.Qc2 d6
9.e4 h6 10.Nf3 Nxf3+ 11.gxf3 c6 12.Be3 Nh5 13.h4 f5 14.exf5 Qe5 15.Bd3 Nf4
16.Be4 Ng2+ 17.Kf1 Nxe3+ 18.fxe3 Be7 19.f4 Qc5 20.Qd3 O-O 21.b4 Qb6 22.Ra2 Bf6
23.Rg2 a5 24.b5 a4 25.Ne2 cxb5 26.cxb5 Bd7 27.Kf2 Kh8 28.Rb1 Rae8 29.Nc3 Bxf5
30.Nd5 Bxe4 31.Qxe4 Bxh4+ 32.Kf3 Qc5 33.Qd3 Re5 34.Rd1 Qc8 35.Ke2 Qh3 36.Rdg1 Rxd5
37.Qxd5 Bf6 38.Rg3 Qc8 39.Kf3 Qc3 40.Qxb7 Re8 41.Kg4 Qxa3 42.e4 Qb4 43.Kh3 Rg8
44.R1g2 a3 45.Kh2 Bb2 46.Qd5 Rf8 47.Rg6 Bc1 48.Rxg7 Bxf4+ 49.Kh3 Qc3+ 50.R2g3 Bxg3
51.Rxg3 Qa1 52.Kh2 Rf2+ 53.Kh3 Qf1+ 54.Kh4 Rh2+ 55.Kg4 Qf6 56.Qf5 h5+ 57.Kf3 Qc3+  0-1

[Event "Belfort"]
[Site "Belfort"]
[Date "1997.??.??"]
[Round "10"]
[White "Gurevich, Mikhail"]
[Black "Relange, Eloi"]
[Result "0-1"]
[WhiteElo "2620"]
[BlackElo "2505"]

1.c4 e5 2.Nc3 Nf6 3.Nf3 Nc6 4.a3 g6 5.e3 Bg7 6.Qc2 O-O 7.Be2 d5 8.cxd5 Nxd5
9.O-O b6 10.d3 Bb7 11.Bd2 Nce7 12.b4 Rc8 13.Nxd5 Qxd5 14.Rac1 Rfd8 15.Bc3 Qe6
16.Rfd1 Nd5 17.Ba1 c5 18.Qa4 Bc6 19.b5 Bd7 20.Qh4 Qe8 21.a4 a6 22.d4 cxd4
23.exd4 e4 24.Ne5 Rxc1 25.Rxc1 axb5 26.Nxd7 Qxd7 27.Bxb5 Rc8 28.Qg5 e3 29.Rf1 exf2+
30.Rxf2 Qd6 31.Qd2 Nf6 32.Qe2 Rc1+ 33.Rf1 Rxa1  0-1

[Event "Fourmies"]
[Site "Fourmies"]
[Date "1997.??.??"]
[Round "?"]
[White "Gurevich, Mikhail"]
[Black "Chuchelov, Vladimir"]
[Result "1/2-1/2"]
[WhiteElo "2620"]
[BlackElo "2540"]

1.d4 Nf6 2.c4 e6 3.Nc3 Bb4 4.Qc2 c5 5.dxc5 O-O 6.a3 Bxc5 7.Nf3 Qc7 8.b4 Be7
9.Nb5 Qc6 10.Nfd4 Qb6 11.Bb2 d6 12.Rd1 a6 13.Nc3 Qc7 14.e4 Nbd7 15.f4 Re8
16.Nf3 b6 17.Bd3 Bb7 18.O-O Bf8 19.Kh1 Rac8 20.Qe2 g6 21.Qe1 Bg7 22.Qd2 Qb8
23.Ng5 Re7 24.Qe1 Qc7 25.Ba1 Ree8 26.Nb1 Qd8 27.Nd2 e5 28.f5 a5 29.Bb2 Qe7
30.fxg6 fxg6 31.Qe2 Nh5 32.Nh3 Rf8 33.Nf3 axb4 34.axb4 Nf4 35.Nxf4 exf4 36.Bxg7 Kxg7
37.Qf2 Rf6 38.Rfe1 Ne5 39.Qd4 Rcf8 40.Ra1 Bc8 41.Be2 Qc7 42.Rec1 Bg4 43.Ra6 Bxf3
44.gxf3 Rb8 45.Rca1 Rb7 46.Rd1 g5 47.Rg1 Rg6 48.Kg2 Qe7 49.Kh1 Qc7 50.Kg2 Qe7
51.Kh1  1/2-1/2

[Event "Gent op"]
[Site "Gent"]
[Date "1997.??.??"]
[Round "3"]
[White "Gurevich, Mikhail"]
[Black "Van Mechelen, Jan"]
[Result "1-0"]
[WhiteElo "2620"]
[BlackElo "2240"]

1.d4 Nf6 2.c4 g6 3.Nc3 Bg7 4.Bg5 O-O 5.e3 d6 6.Be2 Nbd7 7.Qc2 e5 8.Nf3 h6
9.Bh4 c6 10.Rd1 Qe7 11.O-O g5 12.Bg3 Nh5 13.b4 f5 14.c5 Nxg3 15.hxg3 d5 16.dxe5 Nxe5
17.Nd4 Bd7 18.Rfe1 Qf7 19.f4 Rae8 20.fxe5 Bxe5 21.Rf1 Bxg3 22.Bg4 f4 23.Bxd7 Qh5
24.Bh3 Rxe3 25.Nf5  1-0

[Event "Gent op"]
[Site "Gent"]
[Date "1997.??.??"]
[Round "7"]
[White "Gurevich, Mikhail"]
[Black "Johansen, Darryl K"]
[Result "1-0"]
[WhiteElo "2585"]
[BlackElo "2500"]

1.d4 Nf6 2.c4 e6 3.Nc3 Bb4 4.Qc2 O-O 5.a3 Bxc3+ 6.Qxc3 b6 7.Bg5 Ba6 8.e3 d6
9.Bd3 Nbd7 10.Ne2 c5 11.Qc2 h6 12.Bh4 cxd4 13.exd4 d5 14.cxd5 Rc8 15.Qb3 Bxd3
16.Qxd3 exd5 17.O-O Qc7 18.Rac1 Qb7 19.Nc3 a6 20.a4 Rfe8 21.Rfe1 Rxe1+ 22.Rxe1 Re8
23.Rxe8+ Nxe8 24.Qe2 Nef6 25.f3 Qc8 26.g4 Qb7 27.Kg2 Qc8 28.Kf1 Qb7 29.Kg1 Qc8
30.Kg2 Qb7 31.Kf2 Qc8 32.Ke1 Qb7 33.Kd1 Qc8 34.Bg3 Qb7 35.h4 Nf8 36.g5 hxg5
37.hxg5 N6d7 38.f4 Ne6 39.Qe3 g6 40.Qf3 Nxd4 41.Qxd5 Qxd5 42.Nxd5 Ne6 43.Bf2 Kf8
44.Ke2 Ke8 45.Kf3 b5 46.axb5 axb5 47.Ke4 Ndc5+ 48.Bxc5 Nxc5+ 49.Kd4 Ne6+
50.Ke5 Kd7 51.Nb4 Nc5 52.Kd5 Ne6 53.Nd3 Kc7 54.b4 Kb6 55.Kd6 Nd4 56.Ke7  1-0

[Event "Gent op"]
[Site "Gent"]
[Date "1997.??.??"]
[Round "8"]
[White "Blees, Albert"]
[Black "Gurevich, Mikhail"]
[Result "0-1"]
[WhiteElo "2405"]
[BlackElo "2585"]

1.e4 e6 2.d4 d5 3.e5 c5 4.c3 Nc6 5.Nf3 Nge7 6.Na3 cxd4 7.cxd4 Nf5 8.Nc2 Bd7
9.Bd3 Qb6 10.Bxf5 exf5 11.O-O h6 12.a3 a5 13.Re1 Be6 14.h4 Be7 15.g3 Qd8
16.h5 g5 17.hxg6 fxg6 18.Kg2 g5 19.Rh1 Kd7 20.Qd3 Qb6 21.Bd2 f4 22.gxf4 Raf8
23.Nxg5 hxg5 24.Rxh8 Bf5 25.e6+ Kd6 26.Qg3 Rxh8 27.fxg5+ Kxe6 28.Re1+ Kd7
29.Ne3 Be6  0-1

[Event "BL2-W9798"]
[Site "Germany"]
[Date "1997.??.??"]
[Round "?.1"]
[White "Gurevich, Mikhail"]
[Black "Telljohann, Sven"]
[Result "1-0"]
[WhiteElo "2620"]
[BlackElo "2415"]

1.d4 g6 2.c4 Bg7 3.e4 c5 4.d5 d6 5.Nc3 Nf6 6.h3 O-O 7.Nf3 e6 8.Bd3 Na6 9.Bg5 h6
10.Be3 Nc7 11.dxe6 Nxe6 12.Qd2 Kh7 13.Bc2 Qb6 14.Rd1 Rd8 15.O-O a6 16.b3 Qc7
17.Rfe1 Rb8 18.Nd5 Nxd5 19.exd5 Nf8 20.Bf4 b5 21.Bd3 bxc4 22.Bxc4 Bb7 23.Qe3 Rd7
24.Re2 Qd8 25.Rde1 f5 26.Qd3 Ra8 27.h4 Qf6 28.Qd2 Qd8 29.g3 a5 30.a4 Qc7
31.Qd3 Qb6 32.h5 Rf7 33.Re7 Rxe7 34.Rxe7 Ba6 35.Qc3  1-0

[Event "NRW-Liga I 9697"]
[Site "Germany"]
[Date "1997.??.??"]
[Round "9.7"]
[White "Gurevich, Mikhail"]
[Black "Kojoukhar, Alexandre"]
[Result "1/2-1/2"]
[WhiteElo "2590"]
[BlackElo "2190"]

1.e4 c5 2.Nf3 d6 3.d4 cxd4 4.Nxd4 Nf6 5.Nc3 Nc6 6.Be2 e5 7.Nb3 h6 8.O-O Be7
9.Be3 Be6 10.f4 exf4 11.Bxf4 d5 12.e5 Nh7 13.Bg4 Nf8 14.Bxe6 Qb6+ 15.Kh1 fxe6
16.a4 O-O-O 17.Qe2 a6 18.Bg3 Nd7 19.a5 Qc7 20.Qg4 Ndxe5 21.Qxe6+ Qd7 22.Nd4 Bc5
23.Bxe5 Bxd4 24.Qxd7+ Rxd7 25.Bxd4 Nxd4 26.Na4 Kb8 27.Rf2 Rc7 28.Nc3 Nxc2  1/2-1/2

[Event "Haarlem op"]
[Site "Haarlem"]
[Date "1997.??.??"]
[Round "2"]
[White "Gurevich, Mikhail"]
[Black "Horvath, Tamas"]
[Result "1-0"]
[WhiteElo "2600"]
[BlackElo "2395"]

1.d4 Nf6 2.c4 e6 3.Nc3 c5 4.d5 exd5 5.cxd5 g6 6.e4 d6 7.f3 Bg7 8.Nge2 O-O
9.Ng3 a6 10.a4 Nbd7 11.Be2 h5 12.Bg5 Re8 13.O-O Qe7 14.Qd2 Qf8 15.Nh1 Nh7
16.Be3 f5 17.Nf2 Qe7 18.Rae1 fxe4 19.Nfxe4 Ndf6 20.Bf4 Nxe4 21.Nxe4 Bd4+
22.Kh1 Rd8 23.Bd3 Qf8 24.Ng5 Qg7 25.Ne6 Bxe6 26.Rxe6 Nf8 27.Bh6 Nxe6 28.Bxg7 Nxg7
29.Bxg6 b5 30.Qh6  1-0

[Event "Tanta op"]
[Site "Tanta"]
[Date "1997.??.??"]
[Round "2"]
[White "Himdan, Maher"]
[Black "Gurevich, Mikhail"]
[Result "0-1"]
[WhiteElo "2350"]
[BlackElo "2585"]

1.e4 d6 2.d4 g6 3.Nc3 c6 4.a4 Bg7 5.Bc4 Nf6 6.Bb3 O-O 7.Nf3 Bg4 8.h3 Bxf3
9.Qxf3 Nbd7 10.Be3 Qa5 11.O-O e6 12.Rfd1 d5 13.Bd2 Qb6 14.Bf4 a5 15.Bd6 Rfc8
16.Qe3 Qd8 17.exd5 exd5 18.Re1 Qb6 19.Qd3 Re8 20.Bf4 Qb4 21.Bd2 Qd6 22.Rxe8+ Nxe8
23.Ne2 Qf6 24.Bf4 Nd6 25.Bxd6 Qxd6 26.c4 dxc4 27.Qxc4 Qe7 28.Nc3 Rd8 29.Rd1 Nb6
30.Qc5 Qxc5 31.dxc5 Rxd1+ 32.Nxd1 Nd7 33.Bc4 Nxc5 34.b3 Kf8 35.Kf1 Ke7 36.Ke2 Ne6
37.Kd2 Kd6 38.Kc2 Bd4 39.Kd3 Kc5 40.g3 b5 41.axb5 cxb5 42.b4+ axb4 43.Ba2 Bg7
44.Ne3 Kd6 45.Ng2 b3 46.Bxb3 Nc5+ 47.Kc2 Nxb3 48.Kxb3 Bd4 49.f3 Bf2 50.g4 g5
51.Kb4 Kc6 52.Kc3 Kc5 53.Kd3 b4  0-1

[Event "Tanta op"]
[Site "Tanta"]
[Date "1997.??.??"]
[Round "3"]
[White "Gurevich, Mikhail"]
[Black "Georg, Magdy"]
[Result "1-0"]
[WhiteElo "2585"]
[BlackElo "2345"]

1.d4 d5 2.c4 e6 3.Nf3 c6 4.Qc2 f5 5.Bf4 Nf6 6.Nbd2 Bd6 7.e3 O-O 8.Be2 Ne4
9.O-O h6 10.Rad1 Qc7 11.Bxd6 Qxd6 12.Nxe4 fxe4 13.Nd2 e5 14.Qc3 Qg6 15.Kh1 exd4
16.Qxd4 Be6 17.f3 exf3 18.Bxf3 dxc4 19.Be4 Qe8 20.Nxc4 Nd7 21.Nd6 Qe7 22.Nxb7 Rxf1+
23.Rxf1 Rf8 24.Rxf8+ Qxf8 25.Kg1 c5 26.Qd2 Nf6 27.Bf3 Bxa2 28.b4 Qf7 29.bxc5 Bb1
30.c6 Kh7 31.Nd6 Qc7 32.Nb5 Qb6 33.c7 Bf5 34.Nd6 Qb1+ 35.Qd1 Qxd1+ 36.Bxd1 Bd7
37.e4 Kg6 38.Kf2 h5 39.Kg3 a5 40.Kf4 Kh6 41.h3  1-0

[Event "Tilburg op"]
[Site "Tilburg"]
[Date "1997.??.??"]
[Round "4"]
[White "Gurevich, Mikhail"]
[Black "Ye Rongguang"]
[Result "1-0"]
[WhiteElo "2585"]
[BlackElo "2520"]

1.d4 d5 2.c4 dxc4 3.e3 e5 4.Bxc4 exd4 5.exd4 Nf6 6.Nf3 Bd6 7.O-O O-O 8.Bg5 h6
9.Bh4 Bg4 10.h3 Bxf3 11.Qxf3 Nc6 12.Rd1 Be7 13.Nc3 Rb8 14.Ne2 Kh8 15.Rac1 Ne4
16.Bxe7 Qxe7 17.Nc3 Nf6 18.Nd5 Nxd5 19.Bxd5 Nd8 20.Qg3 Rc8 21.Bb3 Ne6 22.d5 Nc5
23.Bc2 a5 24.a3 a4 25.Qf4 Qd6 26.Qf5 g6 27.Qg4 Rce8 28.Bxa4 Nxa4 29.Qxa4 Re2
30.Re1 Rxe1+ 31.Rxe1 Qxd5 32.Qf4 Qc6 33.Re7 Qb6 34.Qxh6+ Kg8 35.Qd2 c6 36.h4 Rd8
37.Qf4 Qb3 38.Kh2 Qd5 39.Rxb7 Kg7 40.Rb4 Qe6 41.Re4 Qb3 42.Re7 Qd5 43.f3 Rh8
44.Qe5+ Qxe5+ 45.Rxe5 Rxh4+ 46.Kg3 Rc4 47.Re2 f5 48.Kf2 f4 49.Ke1 Kh6 50.Kd2 Kg5
51.Re5+ Kh4 52.Re4 Rxe4 53.fxe4 Kg3 54.e5 Kxg2 55.e6 f3 56.e7 f2 57.e8=Q f1=Q
58.Qxg6+  1-0

[Event "Vlissingen HZ op"]
[Site "Vlissingen"]
[Date "1997.??.??"]
[Round "4"]
[White "Glek, Igor V"]
[Black "Gurevich, Mikhail"]
[Result "1-0"]
[WhiteElo "2505"]
[BlackElo "2620"]

1.e4 d6 2.d4 Nf6 3.Nc3 g6 4.Nf3 Bg7 5.Be2 O-O 6.O-O Bg4 7.a4 Nc6 8.a5 a6
9.Be3 e5 10.d5 Ne7 11.Nd2 Bd7 12.Na4 Bxa4 13.Rxa4 Nd7 14.b4 f5 15.f3 Rf7
16.c4 Qf8 17.c5 Bh6 18.Qb3 Nf6 19.Ra2 Nh5 20.Rc1 Bf4 21.Bxf4 Nxf4 22.Bf1 Qh6
23.cxd6 cxd6 24.Rc7 Rc8 25.Rxc8+ Nxc8 26.b5 axb5 27.Qxb5 Rc7 28.Nc4 Qg5 29.g3 Nh5
30.exf5 gxf5 31.Rg2 Kf8 32.Qb2 Qf6 33.Rc2 Qf7 34.Qc1 Qxd5 35.Qh6+ Ng7 36.Qf6+ Qf7
37.Qxf7+ Rxf7 38.Nxe5 dxe5 39.Rxc8+ Ne8 40.Bb5 Re7 41.Rb8 Kf7 42.Bxe8+ Rxe8
43.Rxb7+ Kg6 44.a6 Re6 45.a7 Ra6 46.Rb6+  1-0

[Event "Vlissingen HZ op"]
[Site "Vlissingen"]
[Date "1997.??.??"]
[Round "5"]
[White "Gurevich, Mikhail"]
[Black "Cools, Gorik"]
[Result "1-0"]
[WhiteElo "2620"]
[BlackElo "2300"]

1.Nf3 Nf6 2.c4 g6 3.Nc3 d5 4.d4 Bg7 5.Qb3 dxc4 6.Qxc4 O-O 7.e4 a6 8.e5 b5
9.Qb3 Ne8 10.Qd5 Qxd5 11.Nxd5 Bb7 12.Nxe7+ Kh8 13.h4 Bxf3 14.gxf3 c5 15.f4 Ra7
16.Nd5 cxd4 17.Bd2 Nc7 18.Nb4 Re8 19.Kd1 f6 20.h5 gxh5 21.exf6 Bxf6 22.Rxh5 Ne6
23.Nd5 Bd8 24.Rc1 Nd7 25.Rc6 Nec5 26.Bh3 Ne4 27.Bf5 Ndc5 28.Rch6 Nxf2+ 29.Kc2 d3+
30.Kc1 Nfe4 31.Bxh7 Nxd2 32.Bf5+ Kg8 33.Rh8+  1-0

[Event "Vlissingen HZ op"]
[Site "Vlissingen"]
[Date "1997.??.??"]
[Round "6"]
[White "Jonkman, Harmen"]
[Black "Gurevich, Mikhail"]
[Result "0-1"]
[WhiteElo "2365"]
[BlackElo "2620"]

1.e4 e6 2.d4 d5 3.e5 c5 4.c3 Nc6 5.Nf3 Nge7 6.Na3 cxd4 7.cxd4 Nf5 8.Nc2 Bd7
9.Bd3 Qb6 10.O-O a5 11.Bxf5 exf5 12.Be3 Nd8 13.Rb1 h6 14.h4 Be7 15.h5 Ne6
16.g3 g5 17.hxg6 fxg6 18.Nh2 Bb5 19.Re1 Qa6 20.Rc1 h5 21.Na3 Bc6 22.Qe2 Qxe2
23.Rxe2 g5 24.f4 g4 25.Nf1 Kd7 26.Rh2 b5 27.Nc2 b4 28.Ne1 Bb5 29.Bf2 h4 30.Rd1 Bxf1
31.Kxf1 hxg3 32.Bxg3 Rxh2 33.Bxh2 Rh8 34.Kg2 Rh3 35.Rd3 Bh4 36.Rd1 Re3 37.Nd3 g3
38.Nc5+ Nxc5 39.Bg1 Rd3  0-1

[Event "Vlissingen HZ op"]
[Site "Vlissingen"]
[Date "1997.??.??"]
[Round "7"]
[White "Gurevich, Mikhail"]
[Black "Miezis, Normunds"]
[Result "1-0"]
[WhiteElo "2620"]
[BlackElo "2515"]

1.d4 Nf6 2.Nf3 e6 3.c4 Bb4+ 4.Nbd2 c5 5.a3 Bxd2+ 6.Qxd2 cxd4 7.Qxd4 Nc6 8.Qd6 Ne4
9.Qd3 d5 10.e3 O-O 11.Qc2 Qa5+ 12.Nd2 Rd8 13.Rb1 Ne5 14.b4 Qc7 15.Nxe4 dxe4
16.Qxe4 f5 17.Qc2 b5 18.c5 Bb7 19.f3 Qd7 20.Bb2 Nd3+ 21.Bxd3 Qxd3 22.Qc3 Qxc3+
23.Bxc3 Rd3 24.Rc1 Rxe3+ 25.Kd2 f4 26.Rhe1 Rxe1 27.Rxe1 Kf7 28.h4 h6 29.h5 Rd8+
30.Kc2 Rd5 31.Be5 a6 32.Kc3 Bc6 33.Re4 Ke7 34.Bd6+ Kf6 35.Rxf4+ Rf5 36.Kd4 g6
37.Be5+ Kg5 38.hxg6 Kxg6 39.Rg4+ Rg5 40.Bf4 Rxg4 41.fxg4 Kf6 42.Be5+ Kf7
43.Bh8 Bxg2 44.Ke5 Bf3 45.Kd6 Bxg4 46.c6 Bf3 47.c7 Bb7 48.Kd7 h5 49.Be5 h4
50.Bd4 h3 51.Be5 Kf8 52.c8=Q+ Bxc8+ 53.Kxc8 Ke8 54.Kb7 Kd7 55.Kb6  1-0

[Event "Cappelle op"]
[Site "Cappelle la Grande"]
[Date "1998.02.21"]
[Round "1"]
[White "De Vreugt, Dennis"]
[Black "Gurevich, Mikhail"]
[Result "0-1"]
[WhiteElo "2380"]
[BlackElo "2635"]

1.e4 d6 2.d4 Nf6 3.Nc3 g6 4.Bg5 c6 5.f4 Bg7 6.Qd2 b5 7.a3 O-O 8.Nf3 Nh5 9.Bd3 f6
10.Bh4 Bh6 11.Ne2 e5 12.dxe5 dxe5 13.Nxe5 Qc7 14.Nf3 Nxf4 15.Nxf4 Bxf4 16.Qe2 Bg4
17.h3 Bxf3 18.Qxf3 Nd7 19.O-O Be5 20.c3 Kg7 21.Kh1 Nb6 22.Qe2 Rad8 23.Rad1 Bg3
24.Bxg3 Qxg3 25.Bc2 Nc4 26.Bb3 Ne5 27.Kg1 a5 28.a4 b4 29.Qe1 Qxe1 30.Rfxe1 bxc3
31.bxc3 Rb8 32.Rb1 Rfd8 33.Be6 Kf8 34.Bg4 Ke7 35.Kf1 Nc4 36.Kf2 Rd2+ 37.Be2 Rbb2
38.Rbd1 Rxd1 39.Rxd1 Nb6 40.Ra1 Rc2 41.Ra3 Kd6 42.Ke3 Kc5 43.e5 fxe5 44.Kd3 Rb2
45.Bf3 Nc4 46.Ra1 Rd2+ 47.Ke4 Rd5 48.Bg4 Rd2 49.Bf3 Rd8 50.Bg4 Rf8 51.Kd3 Rf4
52.Bf3 Nd6 53.Re1 e4+ 54.Ke3 g5 55.Bg4 Nc4+ 56.Ke2 Nb6 57.Ra1 Nd5 58.Rc1 Rf8
59.c4 Nf4+ 60.Ke3 Nxg2+  0-1

[Event "New York op"]
[Site "New York"]
[Date "1998.03.17"]
[Round "3"]
[White "Gurevich, Mikhail"]
[Black "San Segundo, Pablo"]
[Result "1-0"]
[WhiteElo "2635"]
[BlackElo "2505"]

1.d4 d5 2.c4 e6 3.Nc3 Be7 4.Bf4 Nf6 5.e3 O-O 6.Nf3 c5 7.dxc5 Bxc5 8.a3 Nc6
9.Rc1 Re8 10.cxd5 exd5 11.Be2 Be6 12.O-O Be7 13.Nd4 Rc8 14.Nxc6  1-0

[Event "New York op"]
[Site "New York"]
[Date "1998.03.17"]
[Round "4"]
[White "Ivanov, Alexander"]
[Black "Gurevich, Mikhail"]
[Result "0-1"]
[WhiteElo "2545"]
[BlackElo "2635"]

1.e4 e6 2.d4 d5 3.Nd2 c5 4.Ngf3 Nf6 5.exd5 exd5 6.Bb5+ Bd7 7.Bxd7+ Nbxd7
8.O-O Be7 9.dxc5 Nxc5 10.Nd4 Qd7 11.N2f3 O-O 12.Ne5 Qc8 13.Re1 Re8 14.Nd3 Nce4
15.f3 Nd6 16.b3 Nd7 17.Qd2 Qc7 18.Bb2 Bf6 19.Kh1 g6 20.Nb4 Qa5 21.Rxe8+ Rxe8
22.Re1 Rxe1+ 23.Qxe1 Ne5 24.a3 h5 25.Qc1 Nd7 26.Ne2 Bxb2 27.Qxb2 Nf5 28.Ng3 Ne3
29.Ne2 Nc5 30.Qc1 Nf5 31.Ng3 Nxg3+ 32.hxg3 Ne6 33.Qe1 d4 34.a4 Qc7 35.Qf2 Qe5
36.Nd3 Qg5 37.Kh2 Qd5 38.Qe2 Qc6 39.Kg1 Qc7 40.Kf2 a6 41.Ne5 d3 42.Nxd3 Nd4
43.Qe8+ Kh7 44.Ne5 Kg7 45.Kg1 Nxc2 46.Nd7 Qd6 47.Qe5+ Qxe5 48.Nxe5 Nd4 49.b4 Ne2+
50.Kf2 Nc3 51.a5 Nd5 52.Nd3 Kf6 53.g4 hxg4 54.fxg4 Ke7 55.Kf3 Kd6 56.g5 Nc7
57.Nc5 Kc6  0-1

[Event "Korinthos op"]
[Site "Korinthos"]
[Date "1998.07.25"]
[Round "6"]
[White "Hillarp Persson, Tiger"]
[Black "Gurevich, Mikhail"]
[Result "0-1"]
[WhiteElo "2410"]
[BlackElo "2635"]

1.d4 d5 2.c4 c6 3.Nf3 Nf6 4.Nc3 e6 5.Bg5 h6 6.Bxf6 Qxf6 7.e3 Nd7 8.Bd3 dxc4
9.Bxc4 g6 10.O-O Bg7 11.Rc1 O-O 12.e4 Rd8 13.e5 Qe7 14.Qe2 c5 15.d5 Nxe5
16.Nxe5 exd5 17.Nf3 Qxe2 18.Bxe2 Be6 19.Nb5 Rdc8 20.b4 cxb4 21.Nc7 Rab8 22.Bb5 Kf8
23.Ba4 Bf5 24.Nxd5 b5 25.Bb3 a5 26.Ne3 a4 27.Nxf5 axb3 28.Nxg7 Rxc1 29.Rxc1 bxa2
30.Nd4 Kxg7 31.Kf1 Rd8 32.Nb3 Rd3 33.Nc5 Rc3  0-1

[Event "BL2-W9899"]
[Site "Germany"]
[Date "1998.10.18"]
[Round "1.4"]
[White "Gurevich, Mikhail"]
[Black "Schulz, Klaus Juergen"]
[Result "1-0"]
[WhiteElo "2610"]
[BlackElo "2405"]

1.c4 c5 2.Nc3 Nc6 3.g3 g6 4.Bg2 Bg7 5.d3 d6 6.Bg5 h6 7.Bd2 e5 8.a3 Nge7 9.Rb1 a5
10.e3 O-O 11.Nge2 Rb8 12.O-O Be6 13.Qa4 d5 14.cxd5 Nxd5 15.Ne4 c4 16.Nc5 Nb6
17.Qb5 Bf5 18.Nxb7 Rxb7 19.Qxc6 cxd3 20.Qxb7 Nc4 21.Nc3 Nxd2 22.Rbd1 Nxf1
23.Bxf1 Qb8 24.Qxb8 Rxb8 25.Bxd3 Bxd3 26.Rxd3 Rxb2 27.Ne4 Ra2 28.Nd6 Bf8
29.Nc4 a4 30.Rd8 Kg7 31.Ra8 Bxa3 32.Rxa4  1-0